000 00535nam a2200193Ia 4500
003 LK-CoDNM
005 20240314110316.0
008 010623t1936 xxu||||| |||| 00| 1 sin d
040 _aLK-CoDNM
_dLK-CoDNM
_eLK-CoDNM
041 _asin
080 _a104 DD19
100 _aDe Lenarol,V.D
245 _aනවීන කර්මානුකුල කියවීම
246 _aNaveena Kramaanukuula Kiyaveema
260 _bVicter Co.
_aColombo
_c1936
300 _bDamaged
_a80p.,iill,21 cm
650 _aText Book
942 _cBK
999 _c98201
_d98201